[Event "AUTO-INT-3811"]
[Site "http://www.queenalice.com/game.php?id=1823513"]
[Date "2023.10.21"]
[Round "3"]
[White "altair"]
[Black "contato"]
[Result "1-0"]
[WhiteElo "1732"]
[BlackElo "1878"]

1. e4 e5 2. Nf3 Nc6 3. a3 Nf6 4. d3 d5 5. Nbd2 dxe4 6. dxe4 Bg4 7. h3 Bxf3 8.
Qxf3 Nd4 9. Bd3 Bd6 10. Qd1 Qe7 11. Nf3 O-O-O 12. Be3 Nxf3+ 13. Qxf3 h6 14. c4
Nd7 15. b4 c5 16. bxc5 Bxc5 17. O-O Bxe3 18. Qxe3 b6 19. a4 Qc5 20. Qg3 g5 21.
Qg4 Kc7 22. Kh1 Nf6 23. Qg3 Qd4 24. Rad1 Qc5 25. Qf3 Rd6 26. Be2 Rhd8 27. Rd3
Rxd3 28. Bxd3 Qa3 29. Be2 Qxf3 30. Bxf3 Rd3 31. Ra1 Rc3 32. a5 Rxc4 33. axb6+
Kxb6 34. Rb1+ Ka6 35. Be2 Nxe4 36. Bxc4+ Ka5 37. Bxf7 Nxf2+ 38. Kg1 Nd3 39. Ra1+
Kb6 40. Rd1 e4 41. Bg6 Nc5 42. Re1 a5 43. Bxe4 Nxe4 44. Rxe4 Kb5 45. Re6 a4 46.
Rxh6 Kb4 47. Ra6 a3 48. g3 Kb3 49. Rb6+ Kc2 50. Rb5 a2 51. Ra5 Kb2 52. h4 gxh4
53. gxh4 a1=Q+ 54. Rxa1 Kxa1 55. h5 1-0

[Event "AUTO-INT-3789"]
[Site "http://www.queenalice.com/game.php?id=1824888"]
[Date "2023.11.9"]
[Round "2"]
[White "contato"]
[Black "Sigmund"]
[Result "0-1"]
[WhiteElo "1899"]
[BlackElo "1768"]

1. e4 e5 2. Nf3 d6 3. Bc4 h6 4. Nc3 Nf6 5. d4 exd4 6. Nxd4 Be7 7. Be3 O-O 8. O-O
Bd7 9. Qd2 Ng4 10. h3 Nxe3 11. Qxe3 Bg5 12. f4 Be7 13. Nd5 c6 14. Nc3 c5 15.
Nde2 Nc6 16. a3 a6 17. b4 cxb4 18. axb4 Nxb4 19. Bb3 Bf6 20. e5 dxe5 21. fxe5
Be7 22. Na2 Nxa2 23. Rxa2 Rc8 24. Ng3 Bc5 25. Qxc5 Rxc5 26. Re1 Qb6 27. Kh1 Be6
28. Ne4 Rxe5 29. Bxe6 Qxe6 30. Kh2 Qxa2 31. Nf6+ gxf6 32. Rf1 Kg7 33. c3 Rfe8
0-1

[Event "AUTO-INT-3789"]
[Site "http://www.queenalice.com/game.php?id=1824889"]
[Date "2023.11.9"]
[Round "2"]
[White "Sigmund"]
[Black "contato"]
[Result "0-1"]
[WhiteElo "1742"]
[BlackElo "1851"]

1. e4 e5 2. Bc4 Qf6 3. Nf3 h6 4. O-O c6 5. Re1 b5 6. Bb3 a5 7. a3 a4 8. Ba2 d6
9. h3 Be6 10. Nc3 Be7 11. d4 exd4 12. Nxd4 Bxa2 13. Nxa2 Qe5 14. Nf3 Qe6 15. Be3
Nf6 16. Nb4 c5 17. Nd5 Nxd5 18. exd5 Qf6 19. Rb1 O-O 20. Qd2 Nd7 21. c3 Ne5 22.
Nxe5 dxe5 23. Rbd1 Rad8 24. f3 Rd7 25. Qe2 Rfd8 26. c4 bxc4 27. Qxc4 Qg6 28.
Bxc5 Rc8 29. Qxa4 Bxc5+ 30. Kf1 Ra7 31. Qb3 Qa6+ 32. Re2 Rb7 33. Qc2 Rd7 34. Qf5
Re7 35. b4 Bd6 36. Qe4 Qxa3 37. b5 Rb8 38. Rb1 Reb7 39. Qc4 Qa7 40. Reb2 Qc5 41.
Qd3 Be7 42. g4 Bf6 43. Qe4 Rxb5 44. Rxb5 Rxb5 45. Rxb5 Qxb5+ 46. Qe2 Qxe2+ 47.
Kxe2 g6 48. Kd3 Kf8 49. Kc4 Ke8 50. Kc5 Kd7 51. d6 Bd8 52. Kd5 f6 53. h4 g5 54.
hxg5 hxg5 55. Kc5 Bb6+ 56. Kd5 Bd4 0-1

[Event "AUTO-INT-3789"]
[Site "http://www.queenalice.com/game.php?id=1824890"]
[Date "2023.11.9"]
[Round "2"]
[White "contato"]
[Black "vlaams"]
[Result "0-1"]
[WhiteElo "1867"]
[BlackElo "2002"]

1. e4 e5 2. Nf3 Nc6 3. Bc4 d6 4. d3 Bg4 5. Nc3 h6 6. h3 Bxf3 7. Qxf3 Nf6 8. g4
Nd4 9. Qd1 Qe7 10. Be3 a6 11. Bxd4 exd4 12. Nd5 Qd8 13. c3 dxc3 14. Nxc3 Nh7 15.
Qf3 Ng5 16. Qf4 Qe7 17. Nd5 Qd7 18. O-O-O Ne6 19. Qe3 Be7 20. f4 b5 21. Bb3 O-O
22. h4 Nc5 23. Nxe7+ Qxe7 24. Bd5 Rac8 25. d4 Nd7 26. Bb7 Rb8 27. Bxa6 Rb6 28.
Bxb5 Rxb5 29. e5 dxe5 30. dxe5 Rfb8 31. Rh2 Nf6 32. Rg2 Nd5 33. Qe4 Nb4 34. b3
Qxh4 35. f5 Qg5+ 36. Kb2 Re8 37. e6 fxe6 38. fxe6 Qf6+ 0-1

[Event "AUTO-INT-3789"]
[Site "http://www.queenalice.com/game.php?id=1824891"]
[Date "2023.11.9"]
[Round "2"]
[White "vlaams"]
[Black "contato"]
[Result "0-1"]
[WhiteElo "2036"]
[BlackElo "1843"]

1. e4 e5 2. Nf3 Nc6 3. Nc3 Nf6 4. Bc4 h6 5. O-O Bb4 6. d3 Bxc3 7. bxc3 O-O 8.
Bb5 d6 9. Re1 Bd7 10. Bxc6 Bxc6 11. a4 a5 12. Nd2 b6 13. Nf3 Qe8 14. Be3 Ng4 15.
Bd2 Bd7 16. d4 Bxa4 17. dxe5 Nxe5 18. Nxe5 dxe5 19. Qc1 Kh7 20. Re3 Rd8 21. Rd3
Bc6 22. Rh3 Rd6 23. Re3 Qd7 24. Be1 Rd8 25. h3 f5 26. exf5 Qxf5 27. Kh2 Rg6 28.
Rg3 Rxg3 29. fxg3 Qf1 30. Qd2 Rxd2 0-1

[Event "AUTO-INT-3823"]
[Site "http://www.queenalice.com/game.php?id=1825853"]
[Date "2023.11.24"]
[Round "2"]
[White "contato"]
[Black "Scharlatan"]
[Result "0-1"]
[WhiteElo "1867"]
[BlackElo "2074"]

1. e4 e6 2. d4 d5 3. exd5 exd5 4. Nc3 c6 5. Nf3 Bg4 6. h3 Bf5 7. Bd3 Bxd3 8.
Qxd3 Bd6 9. Be3 Nf6 10. O-O O-O 11. Bg5 h6 12. Bh4 Bc7 13. Na4 b6 14. Ne5 Qd6
15. Bg3 Ne4 16. Nxf7 Qd7 17. Ne5 Qf5 18. Nc3 Nxc3 19. Qxc3 Bxe5 20. Bxe5 Nd7 21.
Bd6 Rf6 22. Be7 Rg6 23. Rad1 Re8 24. Bh4 Re4 25. Bg3 Nf6 26. Rde1 Rxe1 27. Rxe1
Ne4 28. Qe3 Nxg3 29. fxg3 Qxc2 30. Qa3 Rf6 31. Rf1 Rxf1+ 32. Kxf1 Qd1+ 33. Kf2
Qxd4+ 0-1

[Event "AUTO-INT-3823"]
[Site "http://www.queenalice.com/game.php?id=1825854"]
[Date "2023.11.24"]
[Round "2"]
[White "Scharlatan"]
[Black "contato"]
[Result "1-0"]
[WhiteElo "2082"]
[BlackElo "1859"]

1. Nf3 d5 2. g3 Bf5 3. Bg2 e6 4. d3 Nc6 5. Nbd2 Bc5 6. O-O Nge7 7. e4 dxe4 8.
dxe4 Bg6 9. Qe2 O-O 10. Rd1 e5 11. Nb3 Bd6 12. Bg5 h6 13. Bd2 f6 14. c3 f5 15.
exf5 Bxf5 16. Be3 Qd7 17. Nh4 b6 18. Nxf5 Nxf5 19. Bc1 Rad8 20. Qe4 Nce7 21. Be3
Nxe3 22. Qxe3 Nf5 23. Qd3 Ne7 24. Nd2 Qf5 25. Be4 Qxf2+ 26. Kh1 Qf7 27. Qa6 Nd5
28. Qxa7 Ne3 29. Re1 Nc2 30. Bxc2 Qd5+ 31. Ne4 Ra8 32. Bb3 Rxa7 33. Bxd5+ Kh8
34. Kg2 Ra5 35. c4 1-0

[Event "AUTO-INT-3823"]
[Site "http://www.queenalice.com/game.php?id=1825857"]
[Date "2023.11.24"]
[Round "2"]
[White "contato"]
[Black "dimitridruloza2012"]
[Result "1-0"]
[WhiteElo "1867"]
[BlackElo "1795"]

1. e4 b6 2. d4 Bb7 3. Nc3 g6 4. Nf3 Bg7 5. Bc4 Nf6 6. Ng5 e6 7. d5 h6 8. Nf3 Ng4
9. h3 Nf6 10. dxe6 fxe6 11. O-O Bxe4 12. Nxe4 Nxe4 13. Bd3 Ng5 14. Bxg6+ Ke7 15.
Nxg5 Bxb2 16. Bxb2 Rg8 17. Qf3 hxg5 18. Bf6+ Kd6 19. Bxd8 Rxd8 20. Qxa8 Nc6 21.
Rfd1+ Ke7 22. Qb7 Kf6 23. Be4 Na5 24. Qxc7 Rh8 25. Rxd7 Rh4 26. Rf7# 1-0

[Event "AUTO-INT-3823"]
[Site "http://www.queenalice.com/game.php?id=1825858"]
[Date "2023.11.24"]
[Round "2"]
[White "dimitridruloza2012"]
[Black "contato"]
[Result "1-0"]
[WhiteElo "1819"]
[BlackElo "1842"]

1. g3 e5 2. Bg2 d5 3. b3 Nf6 4. Bb2 Nc6 5. Nc3 Be6 6. Nf3 e4 7. Ng5 Bd6 8. Nb5
a6 9. Nc3 h6 10. Nxe6 fxe6 11. O-O O-O 12. Bh3 b5 13. Bxe6+ Kh8 14. e3 Ne7 15.
Ne2 Ng6 16. Bf5 Ne7 17. Bh3 Ng6 18. Nd4 Be5 19. Ne6 Qe7 20. Nxf8 Rxf8 21. Bxe5
Qxe5 22. c4 c6 23. cxd5 cxd5 24. b4 Nh7 25. Rc1 Qd6 26. Qh5 Ng5 27. Rc8 Rxc8 28.
Bxc8 Nf3+ 29. Kh1 Nxd2 30. Rc1 Nf3 31. Bf5 Kh7 32. Rc8 Qf6 33. Bxg6+ Qxg6 34.
Rh8+ 1-0

[Event "AUTO-INT-3822"]
[Site "http://www.queenalice.com/game.php?id=1825947"]
[Date "2023.11.25"]
[Round "2"]
[White "contato"]
[Black "Jomaley"]
[Result "1-0"]
[WhiteElo "1873"]
[BlackElo "1586"]

1. e4 e5 2. Nf3 Bd6 3. d3 f6 4. Nc3 c6 5. Be2 Bb4 6. Bd2 Bxc3 7. Bxc3 b5 8. a3
a5 9. Qd2 Nh6 10. O-O d6 11. b3 a4 12. b4 Bg4 13. h3 Bxf3 14. Bxf3 Nd7 15. Bh5+
Ke7 16. Bg4 Nxg4 17. hxg4 h5 18. g5 fxg5 19. Qxg5+ Nf6 20. f4 Qf8 21. fxe5 dxe5
22. Bxe5 h4 23. c4 bxc4 24. dxc4 h3 25. Bxf6+ gxf6 26. Qc5+ Ke6 27. Qxc6+ Ke7
28. Qc5+ Kf7 29. Qxf8+ Rhxf8 30. e5 hxg2 31. Kxg2 Rg8+ 32. Kf3 fxe5 33. Ke4+ Ke6
34. c5 Rg4+ 35. Kf3 Rf4+ 36. Ke3 Rc4 37. Rfc1 Rh4 38. Rf1 Rg8 39. Kd3 Rg3+ 40.
Ke2 Rh2+ 41. Rf2 Rh4 42. Rf3 Rg2+ 43. Rf2 Rg5 44. Rd1 Rg3 45. Rd6+ Ke7 46. Rd3
Rxd3 47. Kxd3 e4+ 48. Kc2 e3 49. Re2 Re4 50. Kd3 Re6 51. Rxe3 Rxe3+ 52. Kxe3 Kd7
53. Kd4 Kc6 54. Kc4 Kb7 55. b5 1-0

[Event "AUTO-INT-3822"]
[Site "http://www.queenalice.com/game.php?id=1825948"]
[Date "2023.11.25"]
[Round "2"]
[White "Jomaley"]
[Black "contato"]
[Result "0-1"]
[WhiteElo "1411"]
[BlackElo "1834"]

1. e4 e5 2. Nf3 Nc6 3. c3 Nf6 4. Bd3 d5 5. exd5 Nxd5 6. b4 g6 7. Bb5 Bd7 8. Bxc6
Bxc6 9. Nxe5 Qe7 10. d4 f6 11. O-O fxe5 12. Be3 Bg7 13. Re1 O-O 14. Qd2 Nxe3 15.
Rxe3 Qg5 16. g3 exd4 17. cxd4 Qd5 18. Kf1 Qh1+ 19. Ke2 Bb5+ 20. Rd3 Rae8+ 21.
Qe3 Bxd3+ 22. Kxd3 Rxe3+ 23. fxe3 Qd1+ 24. Ke4 Qc2+ 25. Kd5 Rd8+ 26. Ke6 Qe4#
0-1

[Event "AUTO-INT-3812"]
[Site "http://www.queenalice.com/game.php?id=1826170"]
[Date "2023.11.28"]
[Round "2"]
[White "contato"]
[Black "Spessatto"]
[Result "0-1"]
[WhiteElo "1871"]
[BlackElo "1866"]

1. e4 e5 2. Nf3 Nc6 3. Bb5 d6 4. d4 a6 5. Bxc6+ bxc6 6. dxe5 Bg4 7. h3 Bh5 8.
Bf4 dxe5 9. Bxe5 f6 10. Qxd8+ Rxd8 11. Bxc7 Rd7 12. Ba5 Bd6 13. Nd4 Be5 14. c3
Ne7 0-1

[Event "AUTO-INT-3812"]
[Site "http://www.queenalice.com/game.php?id=1826171"]
[Date "2023.11.28"]
[Round "2"]
[White "Spessatto"]
[Black "contato"]
[Result "1-0"]
[WhiteElo "1918"]
[BlackElo "1856"]

1. d4 d5 2. Nf3 Bg4 3. Bf4 e6 4. h3 Bxf3 5. gxf3 Bd6 6. Bg3 Ne7 7. e3 Nbc6 8. c3
O-O 9. Bd3 e5 10. dxe5 Bxe5 11. Nd2 a6 12. Nb3 b6 13. f4 Bd6 14. Rg1 g6 15. Qg4
Kh8 16. Nd2 Ng8 17. Bh4 Be7 18. Nf3 Bxh4 19. Nxh4 Nf6 20. Qg2 Na5 21. Qg5 c5 22.
Bxg6 fxg6 23. O-O-O Ne4 24. Nxg6+ hxg6 25. Qh6+ 1-0

[Event "AUTO-INT-3812"]
[Site "http://www.queenalice.com/game.php?id=1826172"]
[Date "2023.11.28"]
[Round "2"]
[White "contato"]
[Black "kamikaze"]
[Result "1-0"]
[WhiteElo "1880"]
[BlackElo "1733"]

1. e4 e5 2. Nf3 Nc6 3. Bb5 d6 4. O-O Nf6 5. Bxc6+ bxc6 6. d3 Be7 7. Bg5 Bg4 8.
h3 Bh5 9. Nbd2 c5 10. Nc4 h6 11. Bxf6 Bxf6 12. Ncd2 1-0

[Event "AUTO-INT-3812"]
[Site "http://www.queenalice.com/game.php?id=1826173"]
[Date "2023.11.28"]
[Round "2"]
[White "kamikaze"]
[Black "contato"]
[Result "0-1"]
[WhiteElo "1723"]
[BlackElo "1890"]

1. Nf3 d5 2. d4 Nc6 3. e3 Bg4 4. Be2 e6 5. Nbd2 Nf6 6. c4 dxc4 7. Nxc4 Bd6 8.
Bd2 O-O 9. O-O a6 10. Nxd6 cxd6 11. Rc1 Rc8 0-1

[Event "AUTO-INT-3804"]
[Site "http://www.queenalice.com/game.php?id=1827716"]
[Date "2023.12.20"]
[Round "2"]
[White "juim"]
[Black "contato"]
[Result "0-1"]
[WhiteElo "1654"]
[BlackElo "1825"]

1. e4 e5 2. d4 exd4 3. Qxd4 Nc6 4. Qd1 Nf6 5. Bd3 Bc5 6. Nc3 O-O 7. Bb5 a6 8.
Bxc6 dxc6 9. Bg5 h6 10. Bxh6 gxh6 11. Nge2 Qxd1+ 12. Rxd1 Re8 13. O-O b5 14. Nf4
b4 15. Rfe1 bxc3 16. bxc3 Rxe4 17. Rxe4 Nxe4 18. Nh5 Bg4 19. Ng3 Bxd1 20. h3
Bxf2+ 21. Kh2 Bxg3+ 22. Kg1 Rb8 23. Kf1 Bxc2 24. Ke2 Bb1 25. Ke3 Re8 26. Kf3 Bd6
27. g4 Ng5+ 28. Kf2 Nxh3+ 29. Kg2 Nf4+ 0-1

[Event "AUTO-INT-3804"]
[Site "http://www.queenalice.com/game.php?id=1827717"]
[Date "2023.12.20"]
[Round "2"]
[White "contato"]
[Black "juim"]
[Result "1-0"]
[WhiteElo "1863"]
[BlackElo "1724"]

1. e4 d5 2. exd5 Qxd5 3. Nc3 Qd8 4. d4 e6 5. Nf3 Bb4 6. Bd2 Nf6 7. a3 Bd6 8. Be2
O-O 9. O-O Ng4 10. h3 Nf6 11. Bg5 h6 12. Bh4 b6 13. Ne5 Ba6 14. Bxa6 Nxa6 15.
Nb5 Bxe5 16. dxe5 Qxd1 17. Rfxd1 Ne4 18. Rd4 Nac5 19. Nxc7 Rac8 20. Nb5 a6 21.
Nd6 Rc6 22. Nxe4 Nxe4 23. Rxe4 Rxc2 24. b4 b5 25. Be7 Rfc8 26. Bc5 Kh8 27. Rf4
Kg8 28. Kf1 Rd8 29. Bd6 Rdc8 30. Ke1 Rc1+ 31. Rxc1 Rxc1+ 32. Kd2 Ra1 33. Rf3
Ra2+ 34. Ke1 Rc2 35. Kd1 Rc8 36. Kd2 Rc4 37. Rc3 Rf4 38. Ke3 g5 39. g3 Rc4 40.
Rxc4 bxc4 41. Kd4 Kg7 42. g4 f6 43. Kxc4 f5 44. gxf5 exf5 45. Kd5 Kg6 46. a4 h5
47. b5 axb5 48. axb5 1-0

[Event "AUTO-INT-3804"]
[Site "http://www.queenalice.com/game.php?id=1827720"]
[Date "2023.12.20"]
[Round "2"]
[White "OnlyJoking"]
[Black "contato"]
[Result "1/2-1/2"]
[WhiteElo "1923"]
[BlackElo "1836"]

1. d4 d5 2. c4 c6 3. Bf4 e6 4. a3 Bd6 5. Bxd6 Qxd6 6. c5 Qc7 7. e3 Nf6 8. Bd3
O-O 9. Nc3 b6 10. Nf3 bxc5 11. dxc5 Nfd7 12. b4 a5 13. O-O axb4 14. axb4 Rxa1
15. Qxa1 Ne5 16. Nxe5 Qxe5 17. Re1 Bd7 18. Ne2 Qxa1 19. Rxa1 Bc8 20. g3 Nd7 21.
f4 e5 22. fxe5 Nxe5 23. Bc2 Ng4 24. e4 dxe4 25. Bxe4 Bb7 26. b5 Ba8 27. Bxc6
Bxc6 28. bxc6 Rc8 29. Kg2 g6 30. Ra6 Ne5 31. Nd4 Nd3 32. Nb3 Ne5 1/2-1/2

[Event "AUTO-INT-3804"]
[Site "http://www.queenalice.com/game.php?id=1827721"]
[Date "2023.12.20"]
[Round "2"]
[White "contato"]
[Black "OnlyJoking"]
[Result "0-1"]
[WhiteElo "1839"]
[BlackElo "1924"]

1. e4 e5 2. Nf3 Nc6 3. Bc4 h6 4. Nc3 Nf6 5. d4 exd4 6. Nxd4 Bb4 7. Nxc6 Bxc3+ 8.
bxc3 bxc6 9. Qf3 d6 10. O-O O-O 11. Qg3 Nxe4 12. Qf3 d5 13. Bb3 Ba6 14. Re1 Ng5
15. Bxg5 Qxg5 16. Qg3 Qxg3 17. hxg3 Rfe8 18. Rxe8+ Rxe8 19. Ba4 Bb5 20. Bb3 a5
21. a4 Ba6 22. Ra3 Rb8 23. Ba2 Bc4 24. Bxc4 dxc4 25. Kf1 Rb2 26. Ke1 Rxc2 27. g4
g5 28. g3 Kg7 29. f4 Rg2 30. fxg5 hxg5 31. Kf1 Rxg3 32. Kf2 Rxg4 33. Kf3 f5 34.
Ra1 Rf4+ 35. Kg3 Re4 36. Kf3 Kg6 37. Rb1 g4+ 38. Kg3 Kg5 39. Rb7 f4+ 40. Kf2 g3+
41. Kg2 Re2+ 42. Kg1 Kg4 43. Rxc7 Re1+ 0-1

[Event "AUTO-INT-3804"]
[Site "http://www.queenalice.com/game.php?id=1827722"]
[Date "2023.12.20"]
[Round "2"]
[White "SGF"]
[Black "contato"]
[Result "0-1"]
[WhiteElo "1741"]
[BlackElo "1826"]

1. e4 e5 2. Qf3 Nf6 3. d3 Be7 4. Be2 d6 5. Qg3 g6 6. h4 Nc6 7. c3 Be6 8. Bg5 h6
9. Bxf6 Bxf6 10. Bg4 Qd7 11. Bxe6 Qxe6 12. Nd2 O-O-O 13. Qh3 Qxh3 14. Rxh3 d5
15. exd5 Rxd5 16. Ne4 Be7 17. c4 Rdd8 18. a3 Nd4 19. Kd2 Nb3+ 20. Kc3 Nxa1 21.
Nf3 f6 22. b4 f5 23. Nc5 Bf6 24. Ne6 e4+ 25. Nfd4 Bxd4+ 26. Nxd4 exd3 27. Rxd3
Rd7 28. Rd1 Rhd8 29. f4 Nc2 30. Kxc2 Rxd4 31. Rxd4 Rxd4 32. Kc3 Rxf4 33. g3 Rf3+
34. Kd4 Rxa3 35. Ke5 Rxg3 36. Kf6 Rg4 37. c5 Rxh4 38. Kxg6 Rxb4 39. Kxf5 h5 40.
Kg5 h4 41. Kh5 h3 42. Kg5 h2 43. Kf5 h1=Q 44. Ke5 Qe4+ 45. Kf6 Rb1 46. Kf7 Rf1+
47. Kg7 Qg2+ 48. Kh6 Rh1# 0-1

[Event "AUTO-INT-3804"]
[Site "http://www.queenalice.com/game.php?id=1827723"]
[Date "2023.12.20"]
[Round "2"]
[White "contato"]
[Black "SGF"]
[Result "1-0"]
[WhiteElo "1839"]
[BlackElo "1728"]

1. e4 e5 2. Nf3 Qf6 3. Bc4 c6 4. d3 b5 5. Bb3 a5 6. a3 b4 7. axb4 Bxb4+ 8. Bd2
Bxd2+ 9. Nbxd2 d6 10. Qe2 h6 11. O-O Ne7 12. d4 Bg4 13. dxe5 dxe5 14. Qc4 O-O
15. h3 Bxf3 16. Nxf3 g5 17. Qc5 Nd7 18. Qc3 c5 19. Rfd1 Ra7 20. Ba4 Rc8 21. Rxd7
Rxd7 22. Bxd7 Rc7 23. Nxe5 Qd6 24. Ba4 Ng6 25. Nxg6 fxg6 26. Bb3+ c4 27. Bxc4+
Kf8 28. b3 Ke7 29. Qg7+ Kd8 30. Qh8+ Kd7 31. Qxh6 Rc5 32. Qg7+ Kc6 33. Bd5+ Rxd5
34. exd5+ Qxd5 35. Qxg6+ Kb5 36. Qd3+ Kc6 37. Qxd5+ Kxd5 38. Rxa5+ Ke4 39. Rxg5
Kd4 40. h4 Kc3 41. h5 Kxc2 42. h6 Kxb3 43. h7 Kc3 44. h8=Q+ Kd2 45. Qd8+ Kc2 46.
Rc5+ Kb3 47. Qb6+ Ka4 48. Ra5# 1-0